Evaluación del proceso de degradación de un residuo sólido proveniente de una instalación de ordeñe y su caracterización /

Guardado en:
Autor Principal: Rissone, Lucía.
Autor Corporativo: Universidad Nacional del Sur. Departamento de Agronomía.
Otros Autores: Miglierina, Ana María, (tutor.)
Formato: Libro
Idioma:Spanish
Publicado: Bahía Blanca, 2017.
Etiquetas: Agregar Etiqueta
Sin Etiquetas, Sea el primero en etiquetar este registro!
LEADER 00769nam a22001695a 4500
001 EEA.libagro010832
005 20181010085939.0
008 170328s2017####ag############000#0#spa#d
082 0 4 |a 637.1 
100 1 |a Rissone, Lucía. 
245 1 0 |a Evaluación del proceso de degradación de un residuo sólido proveniente de una instalación de ordeñe y su caracterización /  |c Lucía Rissone. 
260 |a Bahía Blanca,  |c 2017. 
300 |a 47 h. :  |b il. col., fot. col. ;  |c 30 cm. 
502 |a Trabajo de intensificación (Ingeniero Agrónomo) -- Universidad Nacional del Sur. Departamento de Agronomía, 2017. 
700 1 |a Miglierina, Ana María,  |e tutor. 
710 2 |a Universidad Nacional del Sur.  |b Departamento de Agronomía. 
859 |a AR-BbBCA  |b BIB. AGRONOMIA  |h 637.1  |i R595  |p 2017/6772